000 00884cam a2200193 4500
001 ABS64516
008 010926n2001 000 0 eng u
035 _a(Sirsi) u114866
100 _aBarrie, G.
245 4 _aThe rise and fall of Lend Lease
260 _c2001
490 _aProperty Week
_v66(36), 7 September 2001, 46-48(3)
520 _aLend Lease, the Australian property developer, was created 43 years ago and has been responsible for such prestigious projects as the Sydney Opera House, and Bluewater shopping centre in the UK. However, over the last 22 months, the company's profits and share price have slumped significantly, so that analysts believe it could soon be broken up. Examines the reasons for the fall of the development giant.
590 _aABS
650 _aLEND LEASE
650 _aDECLINE
690 _aPROPERTY-PROPERTY DEVELOPMENT
942 _n0
999 _c68396
_d68396